| 000 | 00682nam a22001577a 4500 | ||
|---|---|---|---|
| 003 | OSt | ||
| 005 | 20151130102515.0 | ||
| 008 | 151130b xxu||||| |||| 00| 0 eng d | ||
| 040 | _cRUA | ||
| 082 | _aFIS ជាម 1996 B165 Or.1 | ||
| 100 |
_94011 _aជាម ប៉េអា |
||
| 245 | _aAppropriate technologies for seed production nursing and distribution in romeas hek, បច្ចេកវិទ្យាសមស្របសំរាប់ការផលិត ថែបំប៉ន និងចែកចាយកូនត្រីពូជ នៅស្រុករមាសហែក | ||
| 260 |
_aPhnom Penh _bRUA _c1996 |
||
| 300 |
_a93p. _bill. _c29cm. |
||
| 942 |
_2ddc _cFIS |
||
| 999 |
_c3731 _d3731 |
||